Introduction to essential tools / (Record no. 17111)

MARC details
000 -LEADER
fixed length control field 00713nam a22002177a 4500
005 - DATE AND TIME OF LATEST TRANSACTION
control field 20081020125930.0
008 - FIXED-LENGTH DATA ELEMENTS--GENERAL INFORMATION
fixed length control field 081020t xxu||||| |||| 00| 0 eng d
010 ## - LIBRARY OF CONGRESS CONTROL NUMBER
LC control number ENG-84147
020 ## - INTERNATIONAL STANDARD BOOK NUMBER
International Standard Book Number 8171980287
020 ## - INTERNATIONAL STANDARD BOOK NUMBER
Terms of availability 195.00 (pbk)
035 ## - SYSTEM CONTROL NUMBER
System control number EN-67680
082 ## - DEWEY DECIMAL CLASSIFICATION NUMBER
Classification number 005.3 / MAD
100 ## - MAIN ENTRY--PERSONAL NAME
Personal name Madan, Sushila
245 ## - TITLE STATEMENT
Title Introduction to essential tools /
Statement of responsibility, etc by Sushila Madan
250 ## - EDITION STATEMENT
Edition statement 2nd updated ed
260 ## - PUBLICATION, DISTRIBUTION, ETC. (IMPRINT)
Place of publication, distribution, etc NOIDA
Name of publisher, distributor, etc Mayur Paperbacks
260 ## - PUBLICATION, DISTRIBUTION, ETC. (IMPRINT)
Date of publication, distribution, etc 2007
300 ## - PHYSICAL DESCRIPTION
Extent Various pagings
Dimensions 24cm
942 ## - ADDED ENTRY ELEMENTS (KOHA)
Source of classification or shelving scheme Dewey Decimal Classification
Koha item type English Books
Classification part 005.3
Call number suffix MAD
Holdings
Withdrawn status Lost status Source of classification or shelving scheme Damaged status Not for loan Home library Current library Date acquired Cost, normal purchase price Total Checkouts Full call number Barcode Date last seen Cost, replacement price Price effective from Koha item type
    Dewey Decimal Classification   Not For Loan D.B.Act.Division D.B.Act.Division 26/02/2007 195.00   005.3 MAD EN-67680 21/10/2008 195.00 21/10/2008 English Books

© Delhi Public Library
Hit Counter
free hit counter